|
|
|
|
| LEADER |
00000cas a22000001a 4500 |
| 001 |
vtls010301524 |
| 003 |
SK-MaSNL |
| 005 |
20260228161555.0 |
| 008 |
110810d19451947xo mr p 0 b0slo |
| 040 |
|
|
|a SNK
|b slo
|c SNK
|e AACR2
|
| 041 |
0 |
|
|a slo
|a cze
|
| 044 |
|
|
|a xo
|c SK
|
| 072 |
|
7 |
|a 629
|x Dopravné prostriedky
|2 konspekt
|
| 080 |
|
|
|a 629.7
|2 2001
|
| 080 |
|
|
|a 050
|2 2001
|
| 245 |
0 |
0 |
|a Let
|b obrázková letecká revue
|
| 260 |
|
|
|a Bratislava
|b Slovenský národný aeroklub
|c 1945-1947
|
| 300 |
|
|
|a 3 zv.
|c 31 x 24 cm
|
| 310 |
|
|
|a 1x mesačne
|
| 362 |
0 |
|
|a Roč. [I], č. 1 (1945)-roč. II, č. 9-10 (1947)
|
| 500 |
|
|
|a Tlač. Mladá fronta v Prahe, od 4/II (1947) Rovnost v Brne
|
| 500 |
|
|
|a Redaktori sa menia
|
| 546 |
|
|
|a Text aj v češ.
|
| 580 |
|
|
|a Od r. 1948 pokračoval pod názvom Letecké noviny
|
| 650 |
0 |
7 |
|a letectvo
|2 SNKPH
|9 23632
|
| 655 |
|
7 |
|a špecializované časopisy
|2 SNKPH
|9 70509
|
| 785 |
0 |
0 |
|t Letecké noviny
|w vtls010301525
|
| 910 |
|
|
|a snk
|
| 916 |
|
|
|a 1945-1947
|
| 958 |
|
|
|a OND
|
| 999 |
|
|
|c 5745
|d 7675
|
| 952 |
|
|
|0 0
|1 0
|4 0
|7 0
|a SNK
|b SNK
|d 1999-02-27
|f 1
|i snkII. 591/48
|l 0
|o snkČSB 471/2/1947
|p 17A0182364
|r 2005-01-02 00:00:00
|t č. 1-10
|w 2026-02-21
|y PREZ
|
| 952 |
|
|
|0 0
|1 0
|4 0
|7 0
|8 1
|a SNK
|b SNK
|d 1999-02-27
|f 1
|i snkD 1300/61
|l 0
|o snkČSB 471/[1]/1945-1946
|p 17A0182365
|r 2005-01-02 00:00:00
|t č. 1-4
|w 2026-02-21
|y PREZ
|